000 004580000a22001810004500
003 MACL
005 20150910120943.0
008 150910b xxu||||| |||| 00| 0 eng d
040 _aMACL
_cMACL
041 _aEnglish
082 _a821/RAH
100 _aRahman, Anisur
_99783
245 _aFrom and Value in The Poetry of Nissim Ezekiel
260 _bAbhinav Publications
_c1981
_aNew Delhi
350 _a40
651 _aPoetry
_99784
942 _cBK
_k821
_2ddc
999 _c6153
_d6153